Memoria Anual REUNA 2018.

保存先:
書誌詳細
団体著者: Red Universitaria Nacional (autor)
フォーマット: 図書
出版事項: Santiago, Chile: Red Universitaria Nacional, 2018.
主題:
オンライン・アクセス:Disponible Online - REUNA
タグ: タグ追加
タグなし, このレコードへの初めてのタグを付けませんか!

MARC

LEADER 00000nam a22000007a 4500
003 CL-VaPUC
005 20231025111844.0
008 231011t2018 ||||| |||| 00| 0 eng d
999 |c 442020  |d 442018 
040 |c Pontificia Universidad Católica de Valparaíso 
082 0 4 |2 22  |a 378 RED 2018 
110 1 |a Red Universitaria Nacional  |e autor  |9 884998 
245 1 0 |a Memoria Anual REUNA 2018. 
260 |a Santiago, Chile:  |b Red Universitaria Nacional,  |c 2018. 
300 |a 61 páginas. 
500 |a c.1 Donación Rectoría 2022. 
583 |c 20231011  |k Catalogador Asistente 
650 1 |a Educación superior  |x Memorias  |9 885039 
650 1 |a Universidades chilenas  |9 407335 
856 |u https://www.reuna.cl/publicaciones/#memorias  |y Disponible Online - REUNA 
942 |2 ddc  |c BK 
952 |0 0  |1 0  |2 ddc  |4 0  |6 378_000000000000000_RED_2018  |7 0  |8 ED_SUP  |9 591914  |a BIBGIM  |b BIBGIM  |c S_PSTGRDO  |d 2023-10-11  |e Donación  |i 5659022  |o 378 RED 2018  |p 5659022  |r 2025-01-15  |t 1  |w 2023-10-11  |y BK  |k ESU